[Event "Groningen op 59th"]
[Site "Groningen"]
[Date "2023.12.24"]
[Round "4"]
[White "Reinderman, Dimitri"]
[Black "De Boer, Eelke"]
[Result "1-0"]
[WhiteElo "2580"]
[BlackElo "2346"]
[PlyCount "67"]
[EventDate "2023.12.21"]
[EventType "swiss"]
[EventRounds "9"]
[EventCountry "NED"]
[SourceTitle "CB04_2024"]
[SourceDate "2023.10.16"]
[SourceVersion "1"]
[SourceVersionDate "2023.10.16"]
[SourceQuality "1"]

1. c4 Nf6 2. Nf3 e6 3. g3 d5 4. Bg2 d4 5. 0-0 Nc6 6. d3 Bc5 7. Nbd2 0-0 8. Nb3 Be7 9. e3 e5 10. exd4 exd4 11. Re1 Re8 12. Bf4 Nh5 13. Bd2 g6 14. Ne5 Nxe5 15. Rxe5 Bf6 16. Rxe8+ Qxe8 17. Qf3 Qd8 18. Re1 c6 19. Ba5 Qd6 20. c5 Qb8 21. Re8+ Kg7 22. Bh3 Bxh3 23. Rxb8 Rxb8 24. g4 Bxg4 25. Qxg4 b6 26. Bd2 Rd8 27. Bg5 Bxg5 28. Qxg5 Rd5 29. Qh4 bxc5 30. Qe7 Nf4 31. Nxc5 h5 32. b4 Rg5+ 33. Kf1 Nh3 34. Ne6+ 1-0

[Event "Groningen op 59th"]
[Site "Groningen"]
[Date "2023.12.21"]
[Round "1"]
[White "Besou, Hussain"]
[Black "Reinderman, Dimitri"]
[Result "0-1"]
[WhiteElo "2280"]
[BlackElo "2580"]
[PlyCount "64"]
[EventDate "2023.12.21"]
[EventType "swiss"]
[EventRounds "9"]
[EventCountry "NED"]
[SourceTitle "CB04_2024"]
[SourceDate "2023.10.16"]
[SourceVersion "1"]
[SourceVersionDate "2023.10.16"]
[SourceQuality "1"]

1. d4 f5 2. c4 Nf6 3. Nf3 g6 4. g3 Bg7 5. Bg2 0-0 6. 0-0 d6 7. Nc3 c6 8. Bg5 h6 9. Bxf6 Bxf6 10. e4 e5 11. Qd2 Kh7 12. Rfe1 Qc7 13. d5 c5 14. Qd3 Na6 15. a3 Qg7 16. Rab1 Bd7 17. b4 Rf7 18. h3 Raf8 19. Nh2 Bd8 20. Rb2 Bb6 21. b5 Nc7 22. Rf1 Ne8 23. Re2 Kh8 24. f3 Ba5 25. Nd1 Nf6 26. g4 Nh7 27. Nf2 Bd8 28. Kh1 Bh4 29. Nd1 h5 30. Ne3 Bg3 31. Rg1 Bxh2 32. Kxh2 hxg4 0-1

[Event "Amsterdam Batavia Grolsch 12th"]
[Site "Amsterdam"]
[Date "2020.03.01"]
[Round "9"]
[White "Reinderman, Dimitri"]
[Black "Trent, Lawrence"]
[Result "1-0"]
[WhiteElo "2582"]
[BlackElo "2386"]
[PlyCount "51"]
[EventDate "2020.02.21"]
[EventType "tourn"]
[EventRounds "9"]
[EventCountry "NED"]
[EventCategory "9"]
[SourceTitle "CBM 195 Extra"]
[Source "ChessBase"]
[SourceDate "2020.05.31"]
[SourceVersion "1"]
[SourceVersionDate "2020.05.31"]
[SourceQuality "1"]

1. Nf3 b6 2. e4 Bb7 3. Nc3 e6 4. d4 Bb4 5. Bd3 Nf6 6. Nd2 d6 7. 0-0 Nbd7 8. a3 Bxc3 9. bxc3 0-0 10. Re1 e5 11. Nf1 Re8 12. Ng3 Nf8 13. Qf3 g6 14. Bh6 Kh8 15. a4 Ne6 16. Be3 a5 17. h4 Ng8 18. d5 Ng7 19. h5 g5 20. Nf1 g4 21. Qxg4 Nf6 22. Qf3 Ngxh5 23. Bg5 Rg8 24. Bh4 Rg6 25. Ne3 Bc8 26. Qxh5 1-0

[Event "Amsterdam Batavia Grolsch 12th"]
[Site "Amsterdam"]
[Date "2020.02.27"]
[Round "6"]
[White "Van Haastert, Edwin"]
[Black "Reinderman, Dimitri"]
[Result "0-1"]
[WhiteElo "2438"]
[BlackElo "2582"]
[PlyCount "64"]
[EventDate "2020.02.21"]
[EventType "tourn"]
[EventRounds "9"]
[EventCountry "NED"]
[EventCategory "9"]
[SourceTitle "CBM 195 Extra"]
[Source "ChessBase"]
[SourceDate "2020.05.31"]
[SourceVersion "1"]
[SourceVersionDate "2020.05.31"]
[SourceQuality "1"]

1. e4 c5 2. Nf3 Nc6 3. d4 cxd4 4. Nxd4 Nf6 5. Nc3 e5 6. Ndb5 d6 7. Bg5 a6 8. Na3 Be6 9. Nc4 Rb8 10. Nd5 Bxd5 11. exd5 Ne7 12. Bxf6 gxf6 13. g3 b5 14. Ne3 Bh6 15. Bg2 f5 16. 0-0 Bxe3 17. fxe3 Qb6 18. Qd2 h5 19. Bh3 Qc5 20. Rad1 h4 21. Bxf5 hxg3 22. hxg3 Rh5 23. Be4 f5 24. Bg2 Kd7 25. Qf2 e4 26. Qd2 Rg5 27. Qd4 Qxd4 28. Rxd4 Rxg3 29. Kf2 Rbg8 30. Bh1 Rh3 31. a4 Rh2+ 32. Ke1 Rgh8 0-1

[Event "Amsterdam Batavia Grolsch 12th"]
[Site "Amsterdam"]
[Date "2020.02.23"]
[Round "3"]
[White "Bosboom, Manuel"]
[Black "Reinderman, Dimitri"]
[Result "0-1"]
[WhiteElo "2410"]
[BlackElo "2582"]
[PlyCount "70"]
[EventDate "2020.02.21"]
[EventType "tourn"]
[EventRounds "9"]
[EventCountry "NED"]
[EventCategory "9"]
[SourceTitle "CBM 195 Extra"]
[Source "ChessBase"]
[SourceDate "2020.05.31"]
[SourceVersion "1"]
[SourceVersionDate "2020.05.31"]
[SourceQuality "1"]

1. c4 g6 2. Nf3 Bg7 3. Nc3 c5 4. h4 Nf6 5. a3 Nc6 6. b4 cxb4 7. axb4 Nxb4 8. Qb3 Nc6 9. Bb2 0-0 10. e3 d6 11. h5 Nxh5 12. Rxh5 gxh5 13. Be2 e5 14. Nd5 b6 15. g3 Ne7 16. d4 e4 17. Nh4 Nxd5 18. cxd5 Bf6 19. Ng2 Bg4 20. Bb5 h4 21. gxh4 Bf3 22. Nf4 Bxh4 23. Kd2 Bxf2 24. Ba3 Qf6 25. Rf1 Bh4 26. Bc6 Rad8 27. Ne6 fxe6 28. dxe6 Kh8 29. Bxe4 Qg7 30. Rxf3 Qg2+ 31. Kd3 Rxf3 32. Bxf3 Qxf3 33. d5 Bf6 34. Kd2 Qf2+ 35. Kd1 Rg8 0-1

[Event "NED-ch rapid 5th"]
[Site "Amstelveen"]
[Date "2019.12.01"]
[Round "3"]
[White "Pruijssers, Roeland"]
[Black "Reinderman, Dimitri"]
[Result "1/2-1/2"]
[WhiteElo "2557"]
[BlackElo "2575"]
[PlyCount "55"]
[EventDate "2019.12.01"]
[EventType "tourn (rapid)"]
[EventRounds "7"]
[EventCountry "NED"]
[EventCategory "14"]
[SourceTitle "CBM 193 Extra"]
[Source "ChessBase"]
[SourceDate "2020.01.31"]
[SourceVersion "1"]
[SourceVersionDate "2020.01.31"]
[SourceQuality "1"]

1. e4 e6 2. d4 d5 3. Nd2 h6 4. Ngf3 Nf6 5. Bd3 c5 6. c3 Nc6 7. dxc5 Bxc5 8. 0-0 dxe4 9. Nxe4 Nxe4 10. Bxe4 Qxd1 11. Rxd1 a5 12. Bf4 Ke7 13. Bxc6 bxc6 14. Ne5 Ra6 15. Nc4 f6 16. Bd6+ Bxd6 17. Nxd6 e5 18. Ne4 Rb6 19. b3 Bf5 20. Nc5 Rbb8 21. c4 Rhd8 22. Kf1 Rd4 23. Ke2 Kd6 24. Na4 c5 25. Nc3 Bd7 26. Ne4+ Kc6 27. Nc3 Kd6 28. Ne4+ 1/2-1/2

[Event "NED-ch rapid 5th"]
[Site "Amstelveen"]
[Date "2019.12.01"]
[Round "5"]
[White "Reinderman, Dimitri"]
[Black "Van Foreest, Jorden"]
[Result "1/2-1/2"]
[WhiteElo "2575"]
[BlackElo "2632"]
[PlyCount "155"]
[EventDate "2019.12.01"]
[EventType "tourn (rapid)"]
[EventRounds "7"]
[EventCountry "NED"]
[EventCategory "14"]
[SourceTitle "CBM 193 Extra"]
[Source "ChessBase"]
[SourceDate "2020.01.31"]
[SourceVersion "1"]
[SourceVersionDate "2020.01.31"]
[SourceQuality "1"]

1. c4 e5 2. g3 Nf6 3. Bg2 Bc5 4. Nc3 0-0 5. e3 c6 6. Nge2 d5 7. cxd5 cxd5 8. d4 exd4 9. exd4 Bb6 10. Bg5 Nc6 11. 0-0 Be6 12. Nf4 h6 13. Bxf6 Qxf6 14. Ncxd5 Bxd5 15. Nxd5 Qxd4 16. Qb3 Rfe8 17. Rad1 Qc5 18. Nxb6 axb6 19. Rd5 Qe7 20. Rfd1 Qf6 21. Rd6 Re6 22. Rxe6 Qxe6 23. Qxe6 fxe6 24. a3 b5 25. Rd7 Rb8 26. Bf1 b4 27. axb4 Nxb4 28. Bc4 Nd5 29. Bxd5 exd5 30. Rxd5 Re8 31. Rd7 b5 32. Rd5 b4 33. Rd4 Rb8 34. Kf1 Kf7 35. Ke2 Ke6 36. Kd3 g5 37. f4 Kf5 38. h3 gxf4 39. Rxf4+ Ke5 40. Rh4 Rd8+ 41. Ke3 Rg8 42. Kf3 Rf8+ 43. Rf4 Rb8 44. b3 h5 45. Rh4 Rc8 46. Rxb4 Rc3+ 47. Kf2 Rc2+ 48. Ke1 Rc3 49. Kf2 Rc2+ 50. Kf1 Rc3 51. Rb5+ Ke4 52. Rxh5 Rxg3 53. b4 Rb3 54. Kg2 Rb2+ 55. Kg3 Rb3+ 56. Kg4 Rxb4 57. Ra5 Rb1 58. h4 Rg1+ 59. Kh5 Kf4 60. Kh6 Rb1 61. Rg5 Rb8 62. Kh7 Rb7+ 63. Kg6 Rb6+ 64. Kh5 Rb8 65. Rg6 Kf5 66. Rg5+ Kf6 67. Ra5 Kg7 68. Kg5 Kh8 69. h5 Rb6 70. Rf5 Rc6 71. Rf6 Rxf6 72. Kxf6 Kh7 73. Kg5 Kg7 74. h6+ Kh7 75. Kh5 Kh8 76. Kg6 Kg8 77. h7+ Kh8 78. Kh6 1/2-1/2

[Event "NED-ch rapid 5th"]
[Site "Amstelveen"]
[Date "2019.12.01"]
[Round "4"]
[White "Timman, Jan H"]
[Black "Reinderman, Dimitri"]
[Result "0-1"]
[WhiteElo "2528"]
[BlackElo "2575"]
[PlyCount "124"]
[EventDate "2019.12.01"]
[EventType "tourn (rapid)"]
[EventRounds "7"]
[EventCountry "NED"]
[EventCategory "14"]
[SourceTitle "CBM 193 Extra"]
[Source "ChessBase"]
[SourceDate "2020.01.31"]
[SourceVersion "1"]
[SourceVersionDate "2020.01.31"]
[SourceQuality "1"]

1. e4 c5 2. Nf3 Nc6 3. Bb5 Nf6 4. d3 g6 5. Nc3 Bg7 6. 0-0 0-0 7. e5 Ne8 8. Bxc6 bxc6 9. Re1 f6 10. Bf4 fxe5 11. Bxe5 d6 12. Bxg7 Nxg7 13. d4 Bg4 14. dxc5 Bxf3 15. gxf3 d5 16. Qe2 Rf7 17. Qe5 Qd7 18. Rad1 Raf8 19. Rd3 Nh5 20. Ne2 Rf5 21. Qc3 Rg5+ 22. Ng3 Nf4 23. Re4 e5 24. h4 Qh3 25. Rxf4 Rxg3+ 26. fxg3 Qxg3+ 27. Kf1 Rxf4 28. Ke2 Rxh4 29. Re3 d4 30. Qb3+ Kg7 31. Qb7+ Kh6 32. Rb3 Rh2+ 33. Kd3 Qxf3+ 34. Kc4 Qd5+ 35. Kb4 e4 36. Qc7 Rh4 37. Qe7 Qg5 38. Qf8+ Kh5 39. Ka5 h6 40. Rb7 Qd2+ 41. b4 Qxc2 42. a4 e3 43. Rh7 Kg4 44. Qc8+ Kg3 45. Qxc6 Qe4 46. Qd6+ Kg2 47. Re7 e2 48. Rxe4 Rxe4 49. Qxg6+ Kf3 50. Qh5+ Ke3 51. Qh1 d3 52. c6 d2 53. Qh3+ Kd4 54. Qd7+ Ke3 55. Qh3+ Kd4 56. Qd7+ Kc3 57. c7 Re5+ 58. b5 d1Q 59. c8Q+ Kb2 60. Qdc6 e1Q+ 61. Ka6 Qxa4+ 62. Kb7 Qxb5+ 0-1

[Event "NED-ch blitz 5th"]
[Site "Amstelveen"]
[Date "2019.11.30"]
[Round "29"]
[White "Boutens, Lukas"]
[Black "Reinderman, Dimitri"]
[Result "0-1"]
[WhiteElo "2199"]
[BlackElo "2575"]
[PlyCount "72"]
[EventDate "2019.11.30"]
[EventType "swiss (blitz)"]
[EventRounds "30"]
[EventCountry "NED"]
[SourceTitle "CBM 193 Extra"]
[Source "ChessBase"]
[SourceDate "2020.01.31"]
[SourceVersion "1"]
[SourceVersionDate "2020.01.31"]
[SourceQuality "1"]

1. Nc3 d5 2. e4 dxe4 3. Nxe4 Nd7 4. d4 Ngf6 5. Bd3 Nxe4 6. Bxe4 Nf6 7. Bf3 c6 8. Ne2 g6 9. 0-0 Bg7 10. c4 0-0 11. Be3 Be6 12. Rc1 Qa5 13. a3 Bg4 14. Nc3 Bxf3 15. Qxf3 Rad8 16. Rfd1 Rd7 17. Rd2 Rfd8 18. Rcd1 Qh5 19. Qxh5 Nxh5 20. Ne4 f5 21. g4 fxe4 22. gxh5 gxh5 23. b3 e6 24. Bg5 Rf8 25. d5 Rf5 26. Be3 exd5 27. cxd5 Rfxd5 28. Rxd5 Rxd5 29. Rxd5 cxd5 30. Bxa7 Kf7 31. Kf1 Ke6 32. Ke2 d4 33. a4 Kd5 34. Bb6 Bh6 35. a5 d3+ 36. Ke1 Kc6 0-1

[Event "NED-ch blitz 5th"]
[Site "Amstelveen"]
[Date "2019.11.30"]
[Round "30"]
[White "Reinderman, Dimitri"]
[Black "Boutens, Lukas"]
[Result "1-0"]
[WhiteElo "2575"]
[BlackElo "2199"]
[PlyCount "53"]
[EventDate "2019.11.30"]
[EventType "swiss (blitz)"]
[EventRounds "30"]
[EventCountry "NED"]
[SourceTitle "CBM 193 Extra"]
[Source "ChessBase"]
[SourceDate "2020.01.31"]
[SourceVersion "1"]
[SourceVersionDate "2020.01.31"]
[SourceQuality "1"]

1. c4 Nf6 2. Nc3 g6 3. e4 d6 4. d4 Bg7 5. Nf3 0-0 6. Be2 Nc6 7. 0-0 e5 8. d5 Ne7 9. Ne1 Ne8 10. Be3 f5 11. f3 f4 12. Bf2 g5 13. c5 a6 14. cxd6 cxd6 15. a4 h5 16. a5 Nf6 17. Na4 g4 18. Nb6 gxf3 19. gxf3 Bh3 20. Nxa8 Qxa8 21. Kh1 Bxf1 22. Bxf1 Rc8 23. Bh3 Rf8 24. Rc1 Kh7 25. Rc7 Neg8 26. Qb3 Rc8 27. Rxc8 1-0

[Event "NED-ch blitz 5th"]
[Site "Amstelveen"]
[Date "2019.11.30"]
[Round "23"]
[White "Vrolijk, Liam"]
[Black "Reinderman, Dimitri"]
[Result "1-0"]
[WhiteElo "2462"]
[BlackElo "2575"]
[PlyCount "63"]
[EventDate "2019.11.30"]
[EventType "swiss (blitz)"]
[EventRounds "30"]
[EventCountry "NED"]
[SourceTitle "CBM 193 Extra"]
[Source "ChessBase"]
[SourceDate "2020.01.31"]
[SourceVersion "1"]
[SourceVersionDate "2020.01.31"]
[SourceQuality "1"]

1. d4 f5 2. g3 Nf6 3. Bg2 e6 4. Nd2 d5 5. c4 c6 6. Nh3 Bd6 7. 0-0 0-0 8. Qc2 b6 9. Nf3 Ne4 10. Nf4 Qe7 11. Nd3 Bb7 12. Bf4 Bxf4 13. Nxf4 Nd7 14. Nd3 c5 15. cxd5 exd5 16. dxc5 bxc5 17. e3 Rac8 18. Rfd1 Kh8 19. Nf4 Ndf6 20. Nh4 Qd7 21. Nd3 d4 22. exd4 cxd4 23. Qe2 Rfe8 24. Qf3 g6 25. Rdc1 Qe6 26. Rxc8 Rxc8 27. Qd1 Qb6 28. Nf3 Kg7 29. Qb3 Qxb3 30. axb3 a6 31. Nxd4 Rd8 32. Ne6+ 1-0

[Event "Dieren op"]
[Site "Dieren"]
[Date "2019.07.30"]
[Round "7"]
[White "Maris, Ivo"]
[Black "Reinderman, Dimitri"]
[Result "1-0"]
[WhiteElo "2399"]
[BlackElo "2583"]
[PlyCount "79"]
[EventDate "2019.07.23"]
[EventType "swiss"]
[EventRounds "9"]
[EventCountry "NED"]
[SourceTitle "CBM 191 Extra"]
[Source "ChessBase"]
[SourceDate "2019.09.30"]
[SourceVersion "1"]
[SourceVersionDate "2019.09.30"]
[SourceQuality "1"]

1. b4 d5 2. Bb2 Bg4 3. Nf3 Nd7 4. e3 e5 5. h3 Bxf3 6. Qxf3 Ngf6 7. a3 Bd6 8. Nc3 c6 9. e4 d4 10. Ne2 Nb6 11. Ng3 Na4 12. Bc1 b5 13. c4 a6 14. c5 Bxc5 15. bxc5 Nxc5 16. h4 0-0 17. h5 h6 18. Rb1 Nh7 19. d3 Ng5 20. Qg4 Nce6 21. Nf5 c5 22. g3 Kh8 23. f4 Nh7 24. fxe5 Nhg5 25. Be2 c4 26. 0-0 Qc7 27. Bf4 Qc5 28. Nd6 Qxa3 29. Bc1 Qc5 30. Rf5 c3 31. Bxg5 Nxg5 32. Rxg5 hxg5 33. Qxg5 f6 34. Qg6 fxe5 35. h6 Ra7 36. Kg2 gxh6 37. Qxh6+ Kg8 38. Rh1 Qxd6 39. Qxd6 Raf7 40. Qg6+ 1-0

[Event "Dieren op"]
[Site "Dieren"]
[Date "2019.07.27"]
[Round "5"]
[White "Schoppen, Casper"]
[Black "Reinderman, Dimitri"]
[Result "1/2-1/2"]
[WhiteElo "2493"]
[BlackElo "2583"]
[PlyCount "95"]
[EventDate "2019.07.23"]
[EventType "swiss"]
[EventRounds "9"]
[EventCountry "NED"]
[SourceTitle "CBM 191 Extra"]
[Source "ChessBase"]
[SourceDate "2019.09.30"]
[SourceVersion "1"]
[SourceVersionDate "2019.09.30"]
[SourceQuality "1"]

1. d4 Nf6 2. c4 c5 3. d5 g6 4. Nc3 Bg7 5. e4 d6 6. Bd3 0-0 7. h3 e6 8. Nf3 Na6 9. 0-0 Nc7 10. dxe6 Nxe6 11. Be3 Nd7 12. Ne1 Nd4 13. Nc2 Re8 14. Rb1 b6 15. Re1 Bb7 16. Nd5 Rc8 17. b3 a6 18. a4 Nxc2 19. Qxc2 Ne5 20. Bf4 Rb8 21. Bf1 Bxd5 22. exd5 Qc7 23. Re3 Nd7 24. Rbe1 Rxe3 25. Bxe3 Re8 26. Bd2 Qd8 27. Rxe8+ Qxe8 28. Qd3 a5 29. g3 h5 30. Qf3 Qe7 31. Kg2 Qf6 32. Qxf6 Bxf6 33. f4 Bd4 34. g4 hxg4 35. hxg4 f6 36. Kf3 Kf7 37. Bh3 Nf8 38. Ke4 Bb2 39. Be1 Ke7 40. Bh4 Nh7 41. Bg3 Bc1 42. Bf1 Bb2 43. Bd3 Nf8 44. Kf3 Bc3 45. Be4 Bb2 46. Bd3 Bc3 47. Be4 Bb2 48. Bd3 1/2-1/2

[Event "Dieren op"]
[Site "Dieren"]
[Date "2019.07.26"]
[Round "4"]
[White "Reinderman, Dimitri"]
[Black "Vrolijk, Liam"]
[Result "1/2-1/2"]
[WhiteElo "2583"]
[BlackElo "2478"]
[PlyCount "61"]
[EventDate "2019.07.23"]
[EventType "swiss"]
[EventRounds "9"]
[EventCountry "NED"]
[SourceTitle "CBM 191 Extra"]
[Source "ChessBase"]
[SourceDate "2019.09.30"]
[SourceVersion "1"]
[SourceVersionDate "2019.09.30"]
[SourceQuality "1"]

1. c4 e5 2. Nc3 Nf6 3. g3 Bc5 4. Bg2 c6 5. e3 Bb6 6. d4 exd4 7. exd4 d5 8. cxd5 Nxd5 9. Nxd5 cxd5 10. Ne2 Nc6 11. Be3 0-0 12. Nc3 Be6 13. 0-0 Qf6 14. Nxd5 Bxd5 15. Bxd5 Rad8 16. Qf3 Qxf3 17. Bxf3 Bxd4 18. Bxc6 Bxe3 19. fxe3 bxc6 20. Rfd1 Rfe8 21. Kf2 Kf8 22. Ke2 Ke7 23. b3 h5 24. Rxd8 Rxd8 25. Rc1 Rd6 26. Rc5 g6 27. Ra5 Rd7 28. b4 Kd8 29. Ra6 Rc7 30. h4 Kc8 31. Ra5 1/2-1/2

[Event "NED-ch rapid 4th"]
[Site "Amstelveen"]
[Date "2018.11.18"]
[Round "3"]
[White "Reinderman, Dimitri"]
[Black "Van Foreest, Jorden"]
[Result "1/2-1/2"]
[WhiteElo "2582"]
[BlackElo "2613"]
[PlyCount "77"]
[EventDate "2018.11.18"]
[EventType "tourn (rapid)"]
[EventRounds "7"]
[EventCountry "NED"]
[EventCategory "14"]
[SourceTitle "CBM 187 Extra"]
[Source "ChessBase"]
[SourceDate "2018.11.04"]
[SourceVersion "1"]
[SourceVersionDate "2018.11.04"]
[SourceQuality "1"]

1. Nf3 d5 2. e3 e6 3. c4 Nf6 4. b3 Be7 5. Bb2 c5 6. cxd5 exd5 7. Bb5+ Nc6 8. 0-0 0-0 9. d4 cxd4 10. Nxd4 Qb6 11. Bxc6 bxc6 12. Nc3 Bg4 13. Qc2 c5 14. Nf5 Bxf5 15. Qxf5 Qe6 16. Qf3 Rfd8 17. Rfd1 Rab8 18. Ne2 h6 19. Rac1 Qa6 20. Bxf6 Bxf6 21. Nf4 Qxa2 22. Nxd5 Bb2 23. Rxc5 Qxb3 24. Rc7 a5 25. Rxf7 Kh8 26. g4 Qc2 27. e4 Qb3 28. Rd3 Qc4 29. Kg2 Re8 30. Re3 Bd4 31. Re1 Rb2 32. Rf8+ Rxf8 33. Qxf8+ Kh7 34. Qf5+ Kh8 35. Rf1 Bc5 36. Qc8+ Kh7 37. Qf5+ Kh8 38. Qc8+ Kh7 39. Qf5+ 1/2-1/2

[Event "NED-ch rapid 4th"]
[Site "Amstelveen"]
[Date "2018.11.18"]
[Round "1"]
[White "Reinderman, Dimitri"]
[Black "Van den Doel, Erik"]
[Result "1/2-1/2"]
[WhiteElo "2582"]
[BlackElo "2615"]
[PlyCount "60"]
[EventDate "2018.11.18"]
[EventType "tourn (rapid)"]
[EventRounds "7"]
[EventCountry "NED"]
[EventCategory "14"]
[SourceTitle "CBM 187 Extra"]
[Source "ChessBase"]
[SourceDate "2018.11.04"]
[SourceVersion "1"]
[SourceVersionDate "2018.11.04"]
[SourceQuality "1"]

1. Nf3 d5 2. e3 Nf6 3. c4 c6 4. Nc3 e6 5. b3 Bd6 6. Bb2 Nbd7 7. Qc2 0-0 8. Be2 b6 9. Rg1 Qe7 10. g4 Ba3 11. g5 Ne8 12. Bxa3 Qxa3 13. h4 Ba6 14. h5 dxc4 15. bxc4 Nd6 16. g6 fxg6 17. hxg6 h6 18. Nd4 Bxc4 19. Bxc4 Nxc4 20. Nxe6 Nde5 21. Nxf8 Nf3+ 22. Ke2 Rxf8 23. Ne4 Nfxd2 24. Nxd2 Rxf2+ 25. Kxf2 Qxe3+ 26. Kg2 Qg5+ 27. Kf3 Qe3+ 28. Kg2 Qg5+ 29. Kf3 Qe3+ 30. Kg2 Qg5+ 1/2-1/2

[Event "Dieren op"]
[Site "Dieren"]
[Date "2018.07.30"]
[Round "6"]
[White "Reinderman, Dimitri"]
[Black "Ikonnikov, Vyacheslav"]
[Result "1/2-1/2"]
[WhiteElo "2575"]
[BlackElo "2536"]
[PlyCount "81"]
[EventDate "2018.07.24"]
[EventType "tourn"]
[EventRounds "9"]
[EventCountry "NED"]
[SourceTitle "CBM 185 Extra"]
[Source "ChessBase"]
[SourceDate "2018.07.29"]
[SourceVersion "1"]
[SourceVersionDate "2018.07.29"]
[SourceQuality "1"]

1. Nf3 Nf6 2. c4 e6 3. Nc3 Bb4 4. Qc2 0-0 5. a3 Bxc3 6. Qxc3 a5 7. b4 d6 8. Bb2 e5 9. e3 Re8 10. Be2 Bg4 11. d3 axb4 12. axb4 Rxa1+ 13. Bxa1 Nbd7 14. h3 Bh5 15. 0-0 h6 16. Bb2 Qe7 17. Ra1 Rb8 18. Kf1 Qf8 19. Ra7 e4 20. dxe4 Nxe4 21. Qc2 Qe7 22. Bd3 Bg6 23. Kg1 c5 24. Nd2 Nxd2 25. Bxg6 fxg6 26. Qxd2 Nb6 27. Qd3 Qe6 28. bxc5 dxc5 29. Qb3 Kh7 30. Ra5 Nd7 31. Qc3 Qf7 32. Ra7 Nf6 33. Qa5 Ne4 34. f3 Ng5 35. e4 Ne6 36. Be5 Rd8 37. Kh2 Rd7 38. Qb5 g5 39. Ra2 Qe7 40. Bg3 Rd1 41. Ra8 1/2-1/2

[Event "Dieren op"]
[Site "Dieren"]
[Date "2018.07.24"]
[Round "1"]
[White "Rajesh, VAV"]
[Black "Reinderman, Dimitri"]
[Result "0-1"]
[WhiteElo "2309"]
[BlackElo "2575"]
[PlyCount "50"]
[EventDate "2018.07.24"]
[EventType "tourn"]
[EventRounds "9"]
[EventCountry "NED"]
[SourceTitle "CBM 185 Extra"]
[Source "ChessBase"]
[SourceDate "2018.07.29"]
[SourceVersion "1"]
[SourceVersionDate "2018.07.29"]
[SourceQuality "1"]

1. d4 Nf6 2. c4 g6 3. Nc3 Bg7 4. e4 d6 5. h3 0-0 6. Bg5 c5 7. d5 e6 8. Bd3 exd5 9. exd5 Re8+ 10. Nge2 Nbd7 11. 0-0 h6 12. Be3 Ne5 13. Ng3 Nxd3 14. Qxd3 Nd7 15. Rae1 Ne5 16. Qe2 f5 17. Bd2 Bd7 18. f4 Qh4 19. fxe5 Bxe5 20. Qf3 Bxg3 21. Rxe8+ Rxe8 22. Bxh6 g5 23. Nb5 Be5 24. Nc7 Bd4+ 25. Kh1 Re3 0-1